000 00388nam a22001697a 4500
003 MPLRDC
005 20220104164149.0
008 210129b ||||| |||| 00| 0 eng d
020 _a0-451-51900-0
082 _a870.57 ORW-2
100 _aGEORGE ORWELL
245 _aANIMAL FARM
_c
260 _a
_bHARCOURT BRACE JOVAN
_c
300 _b
650 _a
942 _cBK
_o870.57 ORW-2
999 _c56825
_d56815